| 000 | 00781cam a22002531 4500 | ||
|---|---|---|---|
| 001 | l 52000200 | ||
| 003 | DLC | ||
| 005 | 20260227111543.0 | ||
| 008 | 760308s1951 sz 000 0 eng | ||
| 010 | _al 52000200 | ||
| 035 | _a(OCoLC)2037529 | ||
| 040 |
_aDLC _cLU _dDLC |
||
| 042 | _apremarc | ||
| 050 | 0 | 0 |
_aHD7801 _b.I67 no. 28 |
| 110 | 2 | _aInternational Labour Office | |
| 245 | 1 | 0 | _aVocational training in Latin America. |
| 260 |
_aGeneva, _c1951. |
||
| 300 |
_aiv, 319 p. _c24 cm. |
||
| 490 | 1 |
_aIts Studies and reports, new ser., _vno. 28 |
|
| 650 | 0 |
_aVocational education _zLatin America. |
|
| 650 | 0 |
_aTechnical education _zLatin America. |
|
| 650 | 0 |
_aEmployees _xTraining of. |
|
| 810 | 2 |
_aInternational Labour Office. _tStudies and reports, new ser., _vno. 28. |
|
| 999 |
_c36791 _d36791 |
||